Films de François Ozon par images - Statistiques

Statistiques générales
  • Ce quiz a été pris 211 fois
    130 depuis la dernière actualisation
  • Le résultat moyen est 5 sur 16
Statistiques - réponses
Par images Réponse % Correct
Huit Femmes
89%
Été 85
73%
Frantz
59%
Potiche
48%
Jeune et Jolie
45%
Mon crime
36%
Grâce à Dieu
33%
Quand vient l'automne
31%
Dans la maison
29%
Swimming Pool
28%
Ricky
17%
Une nouvelle amie
17%
L'Amant double
13%
Le Refuge
13%
Tout s'est bien passé
10%
Le Temps qui reste
7%
Aucun quiz correspondant
Distribution des résultats
% des personnes avec chaque résultat
Percentile par nombre de réponses
Votre historique - résultats
Vous n’avez pas pris ce quiz depuis la dernière actualisation